Feasibility study on the establishment of D'corner Bike Shop in South Poblacion, Valencia / (Record no. 5751)
[ view plain ]
| 000 -LEADER | |
|---|---|
| fixed length control field | 03380naa a2200361Ia 4500 |
| 003 - CONTROL NUMBER IDENTIFIER | |
| control field | OSt |
| 005 - DATE AND TIME OF LATEST TRANSACTION | |
| control field | 20260416151927.0 |
| 007 - PHYSICAL DESCRIPTION FIXED FIELD--GENERAL INFORMATION | |
| fixed length control field | a |
| 008 - FIXED-LENGTH DATA ELEMENTS--GENERAL INFORMATION | |
| fixed length control field | 260416s2017 xx 000 0 und d |
| 040 ## - CATALOGING SOURCE | |
| Original cataloging agency | Foundation University |
| Language of cataloging | Eng |
| Transcribing agency | Foundation University |
| Description conventions | rda |
| 050 ## - LIBRARY OF CONGRESS CALL NUMBER | |
| Classification number | CBA (OprMgt-FS) LG 221 D35 B87 |
| Item number | A5 B87 O64 2018 A95 |
| 099 ## - LOCAL FREE-TEXT CALL NUMBER (OCLC) | |
| Classification number | 799 |
| 100 ## - MAIN ENTRY--PERSONAL NAME | |
| Personal name | Avio, Rolly |
| 9 (RLIN) | 1517 |
| Relator term | author. |
| 245 10 - TITLE STATEMENT | |
| Title | Feasibility study on the establishment of D'corner Bike Shop in South Poblacion, Valencia / |
| Statement of responsibility, etc. | by Rolly Avio, Anna Marie Igot, Elizabeth O. Rejano and John Noel I. Tindog |
| 264 ## - PRODUCTION, PUBLICATION, DISTRIBUTION, MANUFACTURE, AND COPYRIGHT NOTICE | |
| Place of production, publication, distribution, manufacture | Dumaguete City : |
| Name of producer, publisher, distributor, manufacturer | Foundation University ; |
| Date of production, publication, distribution, manufacture, copy right date | 2018. |
| Copyright Date | 2018. |
| 300 ## - PHYSICAL DESCRIPTION | |
| Extent | x, 168 leaves : |
| Other physical details | ill. (chiefly color) ; |
| Dimensions | 28 cm. |
| Materials specified | volume |
| Type of unit | resource |
| 336 ## - CONTENT TYPE | |
| Source | rdacontent |
| Content type term | text |
| Content type code | txt |
| 337 ## - MEDIA TYPE | |
| Source | rdamedia |
| Media type term | unmediated |
| Media type code | n |
| 338 ## - CARRIER TYPE | |
| Materials specified | rdacarrier |
| Carrier type term | volume |
| Carrier type code | nc |
| 502 ## - DISSERTATION, THESIS NOTE | |
| Master's Degree Note | Undergraduate feasibility (BS in Administration Major in Operations Management) - - Foundation University, 2018. |
| 504 ## - BIBLIOGRAPHY, ETC. NOTE | |
| Bibliography, etc. note | Includes bibliographical references and appendices. |
| 520 ## - ABSTRACT, SUMMARY, ETC. | |
| Abstract, Summary, etc. | ABSTRACT<br/>ABSTRACT<br/>Feasibility Study on the Establishment of D'corner Bike Shop in South<br/>Title:<br/>Poublacion, Valencia, Negros Oriental.<br/>Avio, Rolly<br/>Author:<br/>Gabo, Anna Marie<br/>Igot, Juvet<br/>Rejano, Elizabeth<br/>Tindog, John Noel I.<br/>Bachelor of Science in Business Administration Major in Operation Management<br/>Course:<br/>And Marketing Management<br/>Foundation University<br/>School:<br/>School Address: Dr. Meciano Rd., Dumageute City, Province of Negros Oricntal.<br/>2018- 2019<br/>Year:<br/>The proposed business is about Establishment ofD' corner Bike Shop. The respondents<br/>the study are the residences of Valencia, Bacong, and Dumaguete City with a total number of<br/>respondents of three hundred ninety nine (399). In order for the researchers to gather necessary<br/>information and collect first hand data, a rescarch designed questionnaire was made to answer the<br/>problem and reach the proposed business objectives.<br/>To determine the feasibility of establishing the proposed business is the main objective of<br/>this study. Definitely, it aims to contemplate the functional arcas of the business such as<br/>management, marketing, technical, socio-cconomic and whether financials are visible and<br/>workable.<br/>The garnered results established that there is the presence of demand as illustrated in the<br/>marketing aspects. On the hand, job analysis is developed under the management aspects. All<br/>cquipment and supplies are determined in the technical aspects. Lastly, the projections of financial<br/>aspects are as well favorable for the business with approximately 5 years on retum of investment. |
| 650 ## - SUBJECT ADDED ENTRY--TOPICAL TERM | |
| Topical term or geographic name entry element | Feasibility studies |
| Geographic subdivision | Philippines. |
| -- | Valencia (Negros Oriental) |
| 9 (RLIN) | 1518 |
| 650 ## - SUBJECT ADDED ENTRY--TOPICAL TERM | |
| Topical term or geographic name entry element | Bicycle industry |
| Geographic subdivision | Philippines. |
| -- | Valencia (Negros Oriental) |
| 9 (RLIN) | 15506 |
| 650 ## - SUBJECT ADDED ENTRY--TOPICAL TERM | |
| Topical term or geographic name entry element | Small business |
| Geographic subdivision | Philippines. |
| -- | Valencia (Negros Oriental) |
| 9 (RLIN) | 15505 |
| 650 ## - SUBJECT ADDED ENTRY--TOPICAL TERM | |
| Topical term or geographic name entry element | Retail trade |
| 9 (RLIN) | 15504 |
| Geographic subdivision | Philippines |
| -- | Valencia (Negros Oriental) |
| 658 ## - INDEX TERM--CURRICULUM OBJECTIVE | |
| Main curriculum objective | Project Feasibility Study : |
| Subordinate curriculum objective | Administration Major in Operations Management, Bachelor of Science in ; |
| Curriculum code | FSB301. |
| 700 1# - ADDED ENTRY--PERSONAL NAME | |
| Personal name | Gabo, Anna Marie |
| Relator term | co-author |
| 9 (RLIN) | 15522 |
| 700 1# - ADDED ENTRY--PERSONAL NAME | |
| Personal name | Igot, Juvet |
| Relator term | co-author |
| 9 (RLIN) | 15525 |
| 700 1# - ADDED ENTRY--PERSONAL NAME | |
| Personal name | Rejano, Elizabeth O. |
| 9 (RLIN) | 15526 |
| 700 1# - ADDED ENTRY--PERSONAL NAME | |
| Personal name | Tindog, John Noel. |
| 9 (RLIN) | 15527 |
| 942 ## - ADDED ENTRY ELEMENTS (KOHA) | |
| Source of classification or shelving scheme | Library of Congress Classification |
| Koha item type | Feasibility Study |
| Classification part | LG 221 D35 B87 |
| Item part | A5 B87 O64 2018 A95 |
| Call number prefix | CBA (OprMgt-FS) |
| Suppress in OPAC | No |
| Withdrawn status | Lost status | Source of classification or shelving scheme | Damaged status | Not for loan | Home library | Current library | Shelving location | Date acquired | Source of acquisition | Total Checkouts | Full call number | Barcode | Date last seen | Price effective from | Koha item type | Accession Number |
|---|---|---|---|---|---|---|---|---|---|---|---|---|---|---|---|---|
| Library of Congress Classification | Foundation University Library | Foundation University Library | Undergraduate Thesis | 04/16/2026 | Donated | CBA (OprMgt-FS) LG 221 D35 B87 A5 B87 O64 2018 A95 c.1 | 61561 | 04/16/2026 | 04/16/2026 | Feasibility Study | OprMgt-FS-2026004 | |||||
| Library of Congress Classification | Foundation University Library | Foundation University Library | Undergraduate Thesis | 04/16/2026 | Donated | CBA (OprMgt-FS) LG 221 D35 B87 A5 B87 O64 2018 A95 c.2 | 61562 | 04/16/2026 | 04/16/2026 | Feasibility Study | OprMgt-FS-2026005 |
